| 000 | 00681nam a2200193Ia 4500 | ||
|---|---|---|---|
| 008 | 151121s9999||||xx |||||||||||||| ||und|| | ||
| 082 | _a813-/मोहिते | ||
| 082 | _bHNW-14159 | ||
| 100 | _aमोहिते धों। म। | ||
| 245 | _aसोनहिअयाचें पाणी | ||
| 260 | _b"कुलकर्णी पंडित अनंत, पुणे।" | ||
| 260 | _c-- | ||
| 300 | _a112 | ||
| 600 | _aमोहिते धों। म। | ||
| 630 | _aसोनहिअयाचें पाणी | ||
| 700 | _aमोहिते धों। म। | ||
| 730 | _aसोनहिअयाचें पाणी | ||
| 942 | _cBOOK | ||
| 999 |
_c1217912 _d1217909 |
||